000
00287 a2200109 4500
001
ART_18488
005
20260410161702.0
008
260409a
245
1
0
_a
Data fiscal
100
1
_a
Ferraro, Ricardo H.
773
0
_t
Revista Impuestos
_g
- NÂș 10 (oct. 2012)
_w
REV639
999
_c
15271
_d
15271